Loading...
Number zero /
| Main Author: | |
|---|---|
| Other Authors: | |
| Format: | Printed Book |
| Language: | English |
| Published: |
London:
Harvill Secker,
c2015.
|
| Subjects: |
| LEADER | 00538 a2200169 4500 | ||
|---|---|---|---|
| 008 | 150103s9999 000 0 eng | ||
| 020 | |a 9781910701096 | ||
| 082 | |a 853 | ||
| 100 | |a Eco, Umberto. | ||
| 245 | |a Number zero / | ||
| 260 | |a London: |b Harvill Secker, |c c2015. | ||
| 300 | |a 191 p. | ||
| 650 | |a Italian fiction. | ||
| 700 | |a Dixon, Richard. | ||
| 942 | |c BK | ||
| 999 | |c 308332 |d 308332 | ||
| 952 | |0 0 |1 0 |2 ddc |4 0 |6 853_000000000000000_ECO_NU |7 0 |9 353868 |a DRA |b DRA |c ST1 |d 2017-05-09 |i 9660 |l 0 |o 853 ECO/NU |p DRA9660 |r 2019-01-03 |v 599.00 |w 2019-01-03 |y BK | ||